[Event "IX Torneo Internazionale"]
[Site "Montecatini Terme ITA"]
[Date "2003.11.16"]
[Round "11"]
[White "Sciortino, Massimo"]
[Black "Naumkin, Igor"]
[Result "0-1"]
[WhiteElo "2192"]
[BlackElo "2401"]
[PlyCount "70"]
[EventDate "2003.11.08"]

1. d4 e6 2. c4 Nf6 3. Nc3 Bb4 4. e3 c5 5. Bd3 O-O 6. Nf3 d5 7. O-O b6 8. a3
Bxc3 9. bxc3 Ba6 10. cxd5 exd5 11. Bxa6 Nxa6 12. Ne5 Qc8 13. a4 Rd8 14. f3 Nb8
15. Qe2 Nc6 16. Ng4 Nxg4 17. fxg4 Qe6 18. Qf3 Na5 19. Qf5 Nc4 20. Rf3 Nd6 21.
Qxe6 fxe6 22. Bb2 Nc4 23. Ba3 Rac8 24. dxc5 bxc5 25. a5 Nxa5 26. Raf1 Nc4 27.
Bc1 Rf8 28. Kf2 Ne5 29. Kg3 Nxf3 30. gxf3 Rb8 31. Rf2 Rb3 32. Rc2 a5 33. c4 d4
34. exd4 Rfxf3+ 35. Kg2 Rfc3 0-1